Villes de Corse-du-Sud en images - Statistiques

Statistiques générales
  • Ce quiz a été pris 56 fois
  • Le résultat moyen est 7 sur 18
Statistiques - réponses
Par images Réponse % Correct
A{jaccio}
96%
P{orto-Vecchio}
92%
B{onifacio}
78%
S{artène}
78%
Z{onza}
59%
P{ropriano}
53%
P{iana}
35%
O{lmeto}
22%
A{fa}
20%
A{lata}
20%
B{astelicaccia}
20%
F{igari}
20%
V{ico}
18%
G{rosseto-Prugna}
12%
L{ecci}
12%
B{ocognano}
6%
S{arrola-Carcopino}
6%
P{ietrosella}
4%
Aucun quiz correspondant
Distribution des résultats
% des personnes avec chaque résultat
Percentile par nombre de réponses
Votre historique - résultats
Vous n’avez pas pris ce quiz